Представление документа в формате RUSMARC

Поле Инд. ПП Название Значение
Тип записи a
Библиографический уровень a
001 Контрольный номер d1e0b8cca8d348058a538cec12821ae0
005 Дата корректировки 20181120134523.8
100 a Данные общей обработки 20180910 ||| 0rusy0189 ca
101 0_ a Язык текста rus
102 a Страна публикации RU
200 1_ f Первые сведения об ответственности А.Я. Петров
a Заглавие Увольнение работника за прогул
b Общее обозначение материала Текст
210 d Дата издания 2018
461 _0 1 2000
a Вопросы трудового права
463 _0 1 2000
a №7
v С. 42-48
1 2101
d 2018
1 0013cd73faec9f64d3f8bd42fbd3c7dd251
606 a Основная рубрика Трудовое право
610 0_ a Ключевые слова УВОЛЬНЕНИЕ
a Ключевые слова ДИСЦИПЛИНАРНАЯ ОТВЕТСТВЕННОСТЬ
a Ключевые слова СУДЕБНАЯ ПРАКТИКА
700 _1 a Фамилия Петров
b Имя А.Я.
801 _0 a Страна RU
b Организация РГУП
c Дата составления 20180910
g Правила каталогизации PSBO
801 _1 a Страна RU
b Организация РГУП
c Дата составления 20180910
g Правила каталогизации PSBO
901 t Тип документа b
w Контрольный № источника 3cd73faec9f64d3f8bd42fbd3c7dd251
905 a Дата ввода 20180910